000
00342nam a2200133Ia 4500
008
240624s9999 xx 000 0 und d
041
_a
eng
082
_a
658.409 MAR
100
_a
MARCUS ALFRED A
245
_a
BIG WINNERS AND BIG LOSERS
260
_c
2006
_a
New Delhi
_b
Pearson Education
300
_a
xxv, : 396 : p. : cm. ; 26
365
_c
RS
999
_c
3671
_d
3671